|
|
|
|
| LEADER |
01565nam a2200397 a 4500 |
| 001 |
000743674 |
| 003 |
CZ BrMZK |
| 005 |
20041105151958.0 |
| 007 |
ta |
| 008 |
041015s2004 xr c er 001 0dcze d |
| 015 |
|
|
|a cnb001309544
|
| 020 |
|
|
|a 80-239-2648-9
|q (brož.)
|
| 035 |
|
|
|a (OCoLC)85099498
|
| 040 |
|
|
|a BOA001
|b cze
|
| 043 |
|
|
|a e-xr---
|b e-xr-kr
|2 czenas
|
| 072 |
|
7 |
|a 94(437)
|x Dějiny Česka a Slovenska
|2 Konspekt
|9 8
|
| 080 |
|
|
|a 94(437.313)
|2 MRF
|
| 080 |
|
|
|a 929
|2 MRF
|
| 080 |
|
|
|a 316.72/.75-027.22
|2 MRF
|
| 080 |
|
|
|a (437.313)
|2 MRF
|
| 080 |
|
|
|a (048.8)
|2 MRF
|
| 100 |
1 |
|
|a Bílková, Eva,
|d 1955-
|7 jo20000074344
|4 aut
|
| 245 |
1 |
0 |
|a Pod Valdickou branou :
|b fakta o nejznámějších jičínských osobnostech, spolcích, stavbách, institucích, školách, událostech /
|c Eva Bílková
|
| 260 |
|
|
|a V Jičíně :
|b Městský úřad,
|c 2004
|
| 300 |
|
|
|a 87 s. :
|b portréty ;
|c 22 cm
|
| 500 |
|
|
|a 600 výt.
|
| 504 |
|
|
|a Obsahuje bibliografii a rejstřík
|
| 500 |
|
|
|a Dostupné též v digitální podobě v aplikaci Kramerius
|
| 650 |
0 |
7 |
|a osobnosti
|7 ph115615
|z Česko
|2 czenas
|
| 650 |
0 |
7 |
|a kulturní život
|7 ph122030
|z Česko
|y 19.-21. stol.
|2 czenas
|
| 655 |
|
7 |
|a přehledy
|7 fd133202
|2 czenas
|
| 651 |
|
7 |
|a Jičín (Česko)
|7 ge129490
|x dějiny
|2 czenas
|
| 856 |
4 |
1 |
|u http://www.digitalniknihovna.cz/mzk/uuid/uuid:af0ae9a0-f439-11e6-8094-005056827e52
|y Digitalizovaný dokument
|x NDK
|
| 910 |
|
|
|a BOA001
|b 2-1141.104
|
| 990 |
|
|
|a BK
|
| 996 |
6 |
|
|b 2610230173
|c 2-1141.104
|l MZK
|r Sklad / do 1 hodiny
|n 3
|p p.v.
|w 000743674
|u 000010
|a 1
|e BOA001
|j MZK50
|s P
|